[Event "Moravia-Silesia Region-chT 2223"]
[Site "Czech Republic"]
[Date "2022.12.11"]
[Round "5"]
[White "Kondula, Dominik"]
[Black "Sebesta, Jan"]
[Result "0-1"]
[WhiteElo "1750"]
[BlackElo "1826"]
[PlyCount "94"]
[EventDate "2022.10.09"]
[EventType "team-tourn"]
[EventRounds "11"]
[EventCountry "CZE"]
[SourceTitle "EXT 2024"]
[Source "ChessBase"]
[SourceDate "2023.10.10"]
[SourceVersion "1"]
[SourceVersionDate "2023.10.10"]
[SourceQuality "1"]
[WhiteTeam "Poruba Slavoj IV"]
[BlackTeam "Orlova Slavia III"]
[WhiteTeamCountry "CZE"]
[BlackTeamCountry "CZE"]

1. e4 c6 2. d4 d5 3. Nc3 dxe4 4. Nxe4 Nf6 5. Ng3 g6 6. Nf3 Bg7 7. Bd3 0-0 8. c3 Nbd7 9. Bg5 Qa5 10. Qd2 e5 11. 0-0 exd4 12. Nxd4 Ne5 13. Be2 Re8 14. Rfe1 Be6 15. Nxe6 Rxe6 16. Qc2 Rae8 17. Bxf6 Bxf6 18. Red1 c5 19. Ne4 Qc7 20. Nxf6+ Rxf6 21. Qa4 Nc6 22. Bb5 Rf4 23. Qc2 Rfe4 24. Qd2 Qe7 25. g3 a6 26. Bxc6 bxc6 27. Qd3 Qf6 28. Rd2 c4 29. Qf1 Qf3 30. h3 h5 31. Qg2 Qf6 32. Rad1 h4 33. Kh2 Re2 34. Kg1 R2e4 35. Rf1 c5 36. f3 R4e5 37. g4 Re1 38. Qf2 R1e3 39. Kg2 Qf4 40. Qxh4 Rxc3 41. Qf2 Rd3 42. Rc2 Ree3 43. Qg3 Qd4 44. Rff2 Rd1 45. Qc7 Ree1 46. Kg3 Qe3 47. Qf4 Rg1+ 0-1

[Event "Pobeskydy op"]
[Site "Frydek Mistek"]
[Date "2018.03.30"]
[Round "3"]
[White "Ludvik, Tomas"]
[Black "Kondula, Dominik"]
[Result "1-0"]
[WhiteElo "2115"]
[BlackElo "1757"]
[PlyCount "25"]
[EventDate "2018.03.29"]
[EventType "swiss"]
[EventRounds "9"]
[EventCountry "CZE"]
[SourceTitle "CBM 183 Extra"]
[Source "ChessBase"]
[SourceDate "2018.04.19"]
[SourceVersion "1"]
[SourceVersionDate "2018.04.19"]
[SourceQuality "1"]

1. d4 d5 2. c4 Nf6 3. cxd5 Qxd5 4. Nc3 Qa5 5. Nf3 Ne4 6. Bd2 Nxd2 7. Qxd2 Bg4 8. Ne5 Bh5 9. Qg5 Bg6 10. Nxf7 Qxg5 11. Nxg5 Kd7 12. e3 e6 13. Bc4 1-0

[Event "CZE-chT2F 1516"]
[Site "Czech Republic"]
[Date "2016.04.03"]
[Round "10.68"]
[White "Kondula, Dominik"]
[Black "Krejca, Jakub"]
[Result "1/2-1/2"]
[WhiteElo "1758"]
[BlackElo "2055"]
[PlyCount "83"]
[EventDate "2015.10.18"]
[EventType "team-tourn"]
[EventRounds "11"]
[EventCountry "CZE"]
[SourceTitle "EXT 2022"]
[Source "ChessBase"]
[SourceDate "2021.10.06"]
[SourceVersion "1"]
[SourceVersionDate "2021.10.06"]
[SourceQuality "1"]
[WhiteTeam "Poruba Slavoj II"]
[BlackTeam "Hostalkova"]
[WhiteTeamCountry "CZE"]
[BlackTeamCountry "CZE"]

1. e4 e6 2. d4 d5 3. exd5 exd5 4. Bd3 Bd6 5. Nf3 Nf6 6. 0-0 0-0 7. Bg5 Bg4 8. Nbd2 c6 9. c3 Nbd7 10. Qc2 Qc7 11. Bh4 Rfe8 12. Bg3 Bxg3 13. fxg3 c5 14. Bf5 cxd4 15. Nxd4 Qe5 16. N2f3 Qe3+ 17. Qf2 Qxf2+ 18. Rxf2 Nc5 19. Bc2 Kf8 20. h3 Bd7 21. Ng5 h6 22. Nh7+ Nxh7 23. Bxh7 Ne4 24. Bxe4 dxe4 25. Re1 Re5 26. Re3 Rae8 27. g4 g6 28. Kf1 Kg7 29. Kg1 a6 30. a3 a5 31. b4 axb4 32. axb4 Ra8 33. Rf4 f5 34. gxf5 gxf5 35. g4 fxg4 36. hxg4 Rae8 37. Kf2 Kg6 38. Kg3 h5 39. gxh5+ Rxh5 40. Kg2 Rg5+ 41. Kf2 Rg4 42. Rxg4+ 1/2-1/2

[Event "CZE-chT2F 1314"]
[Site "Czech Republic"]
[Date "2014.03.02"]
[Round "9.26"]
[White "Kondula, Dominik"]
[Black "Navratil, Jiri"]
[Result "0-1"]
[WhiteElo "1830"]
[BlackElo "2071"]
[PlyCount "32"]
[EventDate "2013.11.03"]
[EventType "team-tourn"]
[EventRounds "11"]
[EventCountry "CZE"]
[SourceTitle "EXT 2016"]
[Source "ChessBase"]
[SourceDate "2015.10.08"]
[SourceVersion "1"]
[SourceVersionDate "2015.10.08"]
[SourceQuality "1"]
[WhiteTeam "Poruba VOKD"]
[BlackTeam "Prerov II"]
[WhiteTeamCountry "CZE"]
[BlackTeamCountry "CZE"]

1. e4 c5 2. Nf3 e6 3. d4 cxd4 4. Nxd4 a6 5. Nc3 b5 6. a3 Bb7 7. Bd3 Qc7 8. 0-0 Nf6 9. Bg5 Bd6 10. g3 Bc5 11. Nb3 Be7 12. Bf4 d6 13. Re1 Nc6 14. Bd2 h5 15. h4 Ng4 16. f3 Qb6+ 0-1

[Event "Ostrava op"]
[Site "Ostrava"]
[Date "2009.05.07"]
[Round "6"]
[White "Herman, Pavel"]
[Black "Kondula, Dominik"]
[Result "0-1"]
[WhiteElo "1835"]
[BlackElo "1700"]
[PlyCount "86"]
[EventDate "2009.05.02"]
[EventType "swiss"]
[EventRounds "9"]
[EventCountry "CZE"]
[SourceTitle "EXT 2011"]
[Source "ChessBase"]
[SourceDate "2010.11.26"]
[SourceVersion "1"]
[SourceVersionDate "2010.11.26"]
[SourceQuality "1"]

1. c4 e5 2. Nc3 Bc5 3. e3 Nc6 4. Nf3 d6 5. d4 exd4 6. exd4 Bb4 7. Be2 Bxc3+ 8. bxc3 Nf6 9. 0-0 0-0 10. Bg5 h6 11. Bh4 Bf5 12. Bd3 Bxd3 13. Qxd3 Nb8 14. g4 g5 15. Nxg5 hxg5 16. Bxg5 d5 17. Qf5 Kg7 18. Bh4 Qd6 19. Qg5+ Kh7 20. Qxf6 Qxf6 21. Bxf6 Nd7 22. Bh4 dxc4 23. Rab1 Nb6 24. Rfe1 Rfe8 25. Re5 Rxe5 26. dxe5 Rb8 27. f3 Nd5 28. Be1 c6 29. Bd2 b5 30. a3 c5 31. Rc1 Rb6 32. Rc2 Ra6 33. Bc1 f6 34. exf6 Rxf6 35. Kf2 a5 36. Bd2 Rc6 37. f4 b4 38. cxb4 cxb4 39. axb4 axb4 40. Be1 b3 41. Rb2 Nxf4 42. Ke3 Nd3 43. Rb1 Nxe1 0-1

[Event "Ostrava op"]
[Site "Ostrava"]
[Date "2009.05.03"]
[Round "2"]
[White "Kondula, Dominik"]
[Black "Bartos, Michal"]
[Result "1/2-1/2"]
[WhiteElo "1700"]
[BlackElo "1870"]
[PlyCount "127"]
[EventDate "2009.05.02"]
[EventType "swiss"]
[EventRounds "9"]
[EventCountry "CZE"]
[SourceTitle "EXT 2011"]
[Source "ChessBase"]
[SourceDate "2010.11.26"]
[SourceVersion "1"]
[SourceVersionDate "2010.11.26"]
[SourceQuality "1"]

1. e4 e6 2. d4 d5 3. exd5 exd5 4. Bd3 Bd6 5. Ne2 Qh4 6. Nd2 Bg4 7. h3 Bh5 8. c3 Ne7 9. g3 Qf6 10. g4 Bg6 11. Qc2 0-0 12. Nf1 c5 13. Be3 cxd4 14. Nxd4 Nbc6 15. 0-0-0 Rfc8 16. Kb1 Nb4 17. g5 Qe5 18. f4 Qxe3 19. Nxe3 Nxc2 20. Ndxc2 Bxf4 21. Bxg6 Nxg6 22. Rxd5 Re8 23. Nc4 h6 24. gxh6 Bxh6 25. Rd7 b6 26. N2a3 Ne5 27. Nxe5 Rxe5 28. Rf1 f6 29. Nc4 Re2 30. Rfd1 Bf4 31. Rb7 Rc8 32. Na3 Rh2 33. Rdd7 Bh6 34. Rxa7 Rf8 35. Nc4 f5 36. a4 f4 37. Ne5 f3 38. Ng4 Rxh3 39. Nxh6+ Rxh6 40. Rxg7+ Kh8 41. Raf7 Rxf7 42. Rxf7 Rh3 43. Ka2 Kg8 44. Rf4 Kg7 45. Kb3 Kg6 46. Kb4 Kg5 47. Rf8 Kg4 48. Kb5 Rh6 49. Kc4 Kg3 50. Rg8+ Kh2 51. Rf8 Kg2 52. b4 f2 53. Kb5 Rh3 54. Rxf2+ Kxf2 55. Kxb6 Rxc3 56. b5 Ke3 57. a5 Kd4 58. a6 Ra3 59. Ka7 Kc5 60. Kb7 Kxb5 61. a7 Rh3 62. a8Q Rh7+ 63. Kc8 Rh8+ 64. Kb7 1/2-1/2